Linear equations and lines / (Record no. 14395)

000 -LEADER
fixed length control field 00444pam a2200169 a 4500
040 ## - CATALOGING SOURCE
Transcribing agency DLC
082 00 - DEWEY DECIMAL CLASSIFICATION NUMBER
Classification number 512 BEN 1981 A060 Or.
-- 512.9/4
245 00 - TITLE STATEMENT
Title Linear equations and lines /
250 ## - EDITION STATEMENT
Edition statement 2nd ed.
260 ## - PUBLICATION, DISTRIBUTION, ETC. (IMPRINT)
Place of publication Menlo Park, Calif. :
Name of publisher Benjamin/Cummings Pub. Co.,
Year of publication c1981.
300 ## - PHYSICAL DESCRIPTION
Number of Pages xii, 146 p. :
Other physical details ill. ;
Dimensions 24 cm.
500 ## - GENERAL NOTE
General note Includes index.
650 #0 - SUBJECT ADDED ENTRY--TOPICAL TERM
Topical Term Equations.
650 #0 - SUBJECT ADDED ENTRY--TOPICAL TERM
Topical Term Algebra
700 1# - ADDED ENTRY--PERSONAL NAME
Personal name Ablon, Leon J.
942 ## - ADDED ENTRY ELEMENTS (KOHA)
Koha item type សៀវភៅភាសាអង់គ្លេស
952 ## - LOCATION AND ITEM INFORMATION (KOHA)
Withdrawn status [LOCAL, KOHA] 0
Holdings
Permanent Location Date acquired Koha item type Lost status Shelving location Barcode Current Location Full call number
Library Block A2017-10-16សៀវភៅភាសាអង់គ្លេស A060A16849Library Block A512 BEN 1981 A060 Or.
មជ្ឈមណ្ឌលឯការនៃសាកលវិទ្យាល័យភូមិន្ទកសិកម្មចំការដូង

Powered by Koha